000
00364nam a2200169Ia 4500
008
221030s9999 xx 000 0 und d
020
_a
8176569402
041
_a
English
082
_a
105.23
_b
Kan
100
_a
Y. Kanetkar
245
0
_a
Let Us C
250
_a
5th
260
_b
BPB Pub
_a
New Delhi
_c
2004
300
_a
746
650
_a
Computers
942
_c
BK
999
_c
8678
_d
8678